Rapid story development : (Record no. 30970)
[ view plain ]
| 000 -LEADER | |
|---|---|
| fixed length control field | 02515cam a2200313 i 4500 |
| 001 - CONTROL NUMBER | |
| control field | 21051042 |
| 003 - CONTROL NUMBER IDENTIFIER | |
| control field | EG-ScBUE |
| 005 - DATE AND TIME OF LATEST TRANSACTION | |
| control field | 20250512105839.0 |
| 008 - FIXED-LENGTH DATA ELEMENTS--GENERAL INFORMATION | |
| fixed length control field | 190702s2020 nyua f b 001 0 eng d |
| 020 ## - INTERNATIONAL STANDARD BOOK NUMBER | |
| International Standard Book Number | 9781138929708 |
| 040 ## - CATALOGING SOURCE | |
| Original cataloging agency | DLC |
| Language of cataloging | eng |
| Description conventions | rda |
| Transcribing agency | DLC |
| Modifying agency | DLC |
| -- | EG-ScBUE |
| 082 04 - DEWEY DECIMAL CLASSIFICATION NUMBER | |
| Classification number | 808.02 |
| Edition number | 22 |
| Item number | LYO |
| 100 1# - MAIN ENTRY--PERSONAL NAME | |
| Personal name | Lyons, Jeff, |
| Dates associated with a name | 1954- |
| Relator term | author. |
| 245 10 - TITLE STATEMENT | |
| Title | Rapid story development : |
| Remainder of title | how to use the Enneagram-story connection to become a master storyteller / |
| Statement of responsibility, etc | Jeff Lyons. |
| 264 #1 - PUBLICATION, DISTRIBUTION, ETC. (IMPRINT) | |
| Place of publication, distribution, etc | New York ; |
| -- | London : |
| Name of publisher, distributor, etc | Routledge Taylor & Francis Group, |
| Date of publication, distribution, etc | 2020. |
| 300 ## - PHYSICAL DESCRIPTION | |
| Extent | xiii, 284 pages : |
| Other physical details | illustrations ; |
| Dimensions | 24 cm |
| 336 ## - CONTENT TYPE | |
| Content type term | text |
| Content type code | txt |
| Source | rdacontent |
| 337 ## - MEDIA TYPE | |
| Media type term | unmediated |
| Media type code | n |
| Source | rdamedia |
| 338 ## - CARRIER TYPE | |
| Carrier type term | volume |
| Carrier type code | nc |
| Source | rdacarrier |
| 504 ## - BIBLIOGRAPHY, ETC. NOTE | |
| Bibliography, etc | Includes bibliographical references and index. |
| 520 ## - SUMMARY, ETC. | |
| Summary, etc | "This book offers a unique approach to storytelling, connecting the Enneagram system with classic story principles of character development, plot, and story structure to provide a seven-step methodology to achieve rapid story development. Using the nine-core personality styles underlying all human thought, feeling, and action, it provides the tools needed to understand and leverage the Enneagram-Story connection for writing success. Author Jeff Lyons starts with the basics of the Enneagram system and builds with how to discover and design the critical story structure components of any story, featuring supporting examples of the Enneagram-Story connection in practice across film, literature and TV. Readers will learn the fundamentals of the Enneagram system and how to utilise it to create multi-dimensional characters, master premise line development, maintain narrative drive, and create antagonists that are perfectly designed to challenge your protagonist in a way that goes beyond surface action to reveal the dramatic core of any story. Lyons explores the use of the Enneagram as a tool not only for character development, but for story development itself. This is the ideal text for intermediate and advanced level screenwriting and creative-writing students, as well as professional screenwriters and novelists looking to get more from their writing process and story structure"-- |
| Assigning source | Provided by publisher. |
| 650 #7 - SUBJECT ADDED ENTRY--TOPICAL TERM | |
| Topical term or geographic name as entry element | Authorship. |
| Source of heading or term | BUEsh |
| 650 #7 - SUBJECT ADDED ENTRY--TOPICAL TERM | |
| Topical term or geographic name as entry element | Enneagram system. |
| Source of heading or term | BUEsh |
| 653 ## - INDEX TERM--UNCONTROLLED | |
| Arrived date list | May2025 |
| Resource For college | Arts and Design |
| 655 ## - INDEX TERM--GENRE/FORM | |
| Form subdivision | Reading book |
| 906 ## - LOCAL DATA ELEMENT F, LDF (RLIN) | |
| a | 7 |
| b | cbc |
| c | orignew |
| d | 1 |
| e | ecip |
| f | 20 |
| g | y-gencatlg |
| 942 ## - ADDED ENTRY ELEMENTS (KOHA) | |
| Source of classification or shelving scheme | Dewey Decimal Classification |
| Koha item type | Book - Borrowing |
| Withdrawn status | Lost status | Source of classification or shelving scheme | Damaged status | Not for loan | Collection code | Home library | Current library | Shelving location | Date acquired | Source of acquisition | Cost, normal purchase price | Serial Enumeration / chronology | Total Checkouts | Full call number | Barcode | Date last seen | Cost, replacement price | Price effective from | Koha item type |
|---|---|---|---|---|---|---|---|---|---|---|---|---|---|---|---|---|---|---|---|
| Dewey Decimal Classification | Baccah | Central Library | Central Library | Second Floor | 12/05/2025 | Purchase | 2115.00 | 39223 | 808.02 LYO | 000057333 | 15/07/2025 | 2643.75 | 12/05/2025 | Book - Borrowing | |||||
| Dewey Decimal Classification | Baccah | Central Library | Central Library | Second Floor | 08/04/2026 | Purchase | 3046.00 | 40179 | 808.02 LYO | 000057614 | 08/04/2026 | 3807.50 | 08/04/2026 | Book - Borrowing |